Impacto de la sanción del código Civil unificado, en especial sobre las personas jurídicas (Registro nro. 20770)

Detalles MARC
000 -LEADER
fixed length control field 00387 a2200109 4500
001 - CONTROL NUMBER
control field ART_38182
005 - DATE AND TIME OF LATEST TRANSACTION
control field 20260410161803.0
008 - FIXED-LENGTH DATA ELEMENTS--GENERAL INFORMATION
fixed length control field 260409a
100 1# - MAIN ENTRY--PERSONAL NAME
Personal name Rodríguez, Raquel E.
245 10 - TITLE STATEMENT
Title Impacto de la sanción del código Civil unificado, en especial sobre las personas jurídicas
773 0# - HOST ITEM ENTRY
Title Doctrina Societaria y Concursal
Related parts - Nº 337 (dic. 2015)
Record control number REV4298

No hay ítems disponibles.